|
|
|
|
| LEADER |
01472cam a2200349 a 4500 |
| 001 |
c000379861 |
| 003 |
CARM |
| 005 |
20110218100703.0 |
| 008 |
110218s1984 mdua b 000 0 eng d |
| 010 |
|
|
|a 84081318
|
| 019 |
1 |
|
|a 3736251
|z 64906404
|5 LACONCORD2021
|
| 020 |
|
|
|a 0818605820 (pbk.)
|
| 020 |
|
|
|a 0818645822 (microfiche)
|
| 035 |
|
|
|a (OCoLC)13526180
|5 LACONCORD2021
|
| 040 |
|
|
|a LC
|b eng
|c LC
|
| 050 |
0 |
0 |
|a TK5105.5
|b .P754 1984
|
| 245 |
0 |
0 |
|a Tutorial :
|b principles of communication and networking protocols /
|c [edited by] Simon S. Lam.
|
| 246 |
3 |
|
|a Principles of communication and networking protocols :
|b tutorial
|
| 260 |
|
|
|a Silver Spring, Md. :
|b IEEE Computer Society Press ;
|a Los Angeles, Calif. :
|b Order from IEEE Computer Society,
|c c1984.
|
| 300 |
|
|
|a vii, 520 p. :
|b ill. ;
|c 28 cm.
|
| 500 |
|
|
|a "IEEE catalog number EH0216-2"
|
| 500 |
|
|
|a "IEEE Computer Society order number 582."
|
| 504 |
|
|
|a Includes bibliographies.
|
| 650 |
|
0 |
|a Computer network protocols.
|
| 700 |
1 |
|
|a Lam, Simon S.,
|d 1947-
|
| 710 |
2 |
|
|a IEEE Computer Society.
|
| 740 |
0 |
2 |
|a Principles of communication and networking protocols: tutorial.
|
| 852 |
8 |
|
|b CARM
|p 0572024
|f BK
|
| 852 |
8 |
|
|b SCAN
|h A3:AG02D0
|i F07933
|p 0572024
|f BK
|
| 999 |
f |
f |
|i ddb1635b-3e86-5ac1-af8d-a8b6f1cb7278
|s adb5b375-7e1d-5149-a47c-93c519458094
|
| 952 |
f |
f |
|p Can circulate
|a CAVAL
|b CAVAL
|c CAVAL
|d CARM 1 Store
|i book
|m 0572024
|
| 952 |
f |
f |
|a CAVAL
|b CAVAL
|c CAVAL
|d Unmapped Location
|e F07933
|f A3:AG02D0
|h Other scheme
|